| 000 | 00399nam a2200169Ia 4500 | ||
|---|---|---|---|
| 008 | 230524s9999 xx 000 0 und d | ||
| 020 | _a9789332902800 | ||
| 082 |
_a629.892 _bSAH |
||
| 100 | _aS K Saha | ||
| 245 | 0 | _aIntroduction to Robotics | |
| 250 | _a2 | ||
| 260 |
_aChennai _bMGH _c2017 |
||
| 300 | _a"viii,502p;" | ||
| 500 | _aQuantity Number: 30 | ||
| 650 | _aElectronics | ||
| 942 | _cBK | ||
| 999 |
_c59867 _d59867 |
||